000 00540nam a2200193 a 4500
001 24138
003 CO-ViMGA
008 141112s2004 ck r 000 u spa d
020 _a9789588445021
040 _aCO-ViMGA
_bspa
_cCO-ViMGA
082 0 4 _a863.6 M657n
100 1 _aMontaña Ibañez, Francisco
_98126
245 1 0 _aNo comas renacuajos /
_cFrancisco Montaña Ibañez
260 _aColombia. babel
300 _a112p.
650 1 4 _aNIÑOS MALTRATADOS - NOVELA JUVENIL
_935181
650 1 4 _aNOVELA COLOMBIANA
_91193
942 _2ddc
_cBK
999 _c32188
_d32188